Представление документа в формате RUSMARC

ПолеНазваниеЗначение
  Тип записи a
  Библиографический уровень m
001 Контрольный номер RU\bookru\bibl\919358
003 Постоянный идентификатор записи http://www.book.ru/book/919358
005 Дата корректировки 20161026112536.2
010 Индекс ISBN __
a ISBN 978-5-406-05276-1
100 Данные общей обработки 0_
a Данные общей обработки 20160124d2016 mk y0rusy50 ca
101 Язык документа 0_
a Язык текста Русский
102 Страна публикации __
a Страна публикации RU
105 Кодированные данные (монография) __
a Кодированные данные (монография) y ||||000yy
200 Заглавие и сведения об ответственности 1_
a Заглавие Экономический анализ хозяйственной деятельности
210 Выходные данные __
a Место издания Москва
c Издательство КноРус
d Дата издания 2016
215 Физическое описание __
a Объем 534
330 Аннотация __
a Аннотация Состоит из трех разделов, которые отражают системный подход к анализу хозяйственно-финансовой деятельности коммерческих организаций. В первом разделе излагается методика проведения анализа объема и себестоимости продукции предприятия. Приводятся способы оценки и факторного анализа материальных и трудовых ресурсов, дается комплексная оценка эффективности хозяйственной деятельности. Во втором разделе исследуются вопросы формирования и анализа финансовых результатов, финансового состояния и деловой активности предприятия. Обобщены современные методики оценки и факторного анализа прибыли и рентабельности продукции, активов, капитала. Рассматриваются состав и структура имущества, источники его финансирования; показатели финансовой устойчивости; платежеспособности и ликвидности; методы финансового прогнозирования и анализа деловой активности. Третий раздел содержит изложение методики оценки эффективности инвестиционных проектов, оптимальной структуры источников финансирования капиталовложений, инвестиционной чувствительности в условиях инфляции и риска. В доступной форме излагается методика оценки эффективности финансовых инвестиций. Для студентов экономических специальностей.
606 Тематические рубрики __
a Основная рубрика Бухгалтерский учет. Аудит
2 Код системы local
608 Указатель предметных рубрик __
a Жанр/форма Учебное пособие
2 Код системы local
675 Индекс УДК __
a Индекс УДК 338(075.8)
z Язык издания rus
686 Индексы других классификаций __
a Классификационный индекс 65.053я73
2 Код системы rubbk
700 Автор _1
a Фамилия Маркарьян С.Э. и др.
801 Источник записи _1
a Страна RU
b Организация book_ru
c Дата составления 20160124
g Правила каталогизации RCR
856 Электронный адрес документа 4_
u Универсальный указатель ресурса (URL) http://www.book.ru/book/919358
951 __
a http://www.book.ru/book/919358